Nghiên cứu chiết tách, xác định thành phần hóa học trong một số dịch chiết của lá và hạt cây chùm ngây
Tìm các điều kiện thích hợp chiết tách các chất trong lá và hạt chùm ngây. Định danh, xác định thành phần hóa học dịch chiết từ lá và hạt chùm ngây. Thăm dò hoạt tính kháng sinh của một số dịch chiết từ lá và hạt chùm ngây
Zapisane w:
| 1. autor: | |
|---|---|
| Kolejni autorzy: | |
| Format: | Książka |
| Język: | Vietnamese |
| Wydane: |
Đà Nẵng
Đại học Đà Nẵng
2016
|
| Hasła przedmiotowe: | |
| Etykiety: |
Dodaj etykietę
Nie ma etykietki, Dołącz pierwszą etykiete!
|
| Thư viện lưu trữ: | Mạng thư viện Đại học Đà Nẵng |
|---|
| LEADER | 01784nam a2200361 4500 | ||
|---|---|---|---|
| 001 | 000024230 | ||
| 003 | 20716 | ||
| 005 | 20161222111250.0 | ||
| 008 | 161028s2016 viesd | ||
| 041 | |a vie | ||
| 082 | 1 | 4 | |a 615.32364 |b VO-D |
| 100 | 1 | |a Võ Thị Diệu | |
| 245 | 1 | |a Nghiên cứu chiết tách, xác định thành phần hóa học trong một số dịch chiết của lá và hạt cây chùm ngây |c Võ Thị Diệu ; Lê Tự Hải hướng dẫn. |k Luận văn Thạc sĩ | |
| 260 | |a Đà Nẵng |b Đại học Đà Nẵng |c 2016 | ||
| 300 | |a 83 tr. ; phụ lục 27 tr. |c 29 cm. |e Tóm tắt | ||
| 500 | |a Luận văn thạc sĩ khoa học. Chuyên ngành: Hóa hữu cơ. Mã số: 60.44.01.14 | ||
| 520 | 3 | |a Tìm các điều kiện thích hợp chiết tách các chất trong lá và hạt chùm ngây. Định danh, xác định thành phần hóa học dịch chiết từ lá và hạt chùm ngây. Thăm dò hoạt tính kháng sinh của một số dịch chiết từ lá và hạt chùm ngây | |
| 650 | 0 | 4 | |a Cây chùm ngây |v Luận văn tốt nghiệp |x Nghiên cứu chiết tách |
| 653 | |a Hóa hữu cơ | ||
| 653 | |a Dịch chiết | ||
| 653 | |a Cây chùm ngay | ||
| 653 | |a Thành phần hóa học | ||
| 700 | 1 | |a Lê Tự Hải |c PGS.TS. |e Hướng dẫn | |
| OWN | |a LSP | ||
| AVA | |a UDN50 |b LSP |d 615.32364 VO-D |e available |t Error 5001 Not defined in file expand_doc_bib_avail. |f 1 |g 0 |h N |i 0 |k 1 | ||
| 999 | |a From the UDN01 | ||
| AVA | |a UDN50 |b LSP |d 615.32364 VO-D |e available |t Error 5001 Not defined in file expand_doc_bib_avail. |f 1 |g 0 |h N |i 0 |k 1 | ||
| TYP | |a Monograph | ||
| TYP | |a Printed language | ||
| 980 | |a Mạng thư viện Đại học Đà Nẵng | ||